Percy Jackson Trivia - Statistics

General Stats
  • This quiz has been taken 372 times
  • The average score is 11 of 30
Answer Stats
Hint Answer % Correct
What is Percy's mother's name? Sally Jackson
96%
Which male members of the Seven do not narrate any Chapters in Blood of Olympus? Frank and Percy
67%
Which of the big three did not break thier post WW2 oath? Hades
66%
Who was the female demigod to spill blood to wake Gaea? Annabeth
63%
Where does Annabeth's non-godly family live? San Francisco
58%
Who is with Nico when his crush on Percy in revealed? Jason
57%
Which god has the same name in both their Roman and Greek form? Apollo
53%
Which primordial goddess do Percy and Annabeth meet in Tartarus? Nyx
53%
What liquid does Percy control in Tartarus? Poison
52%
Which Fury does Percy encounter first? Alecto
50%
How did Percy spill blood to wake Gaea? Nosebleed
47%
Which Olympian does Percy meet first? Dionysus
46%
Who tried unsuccessfully to host the oracle of Delphi? May Castellan
37%
Who are the Judges of the Underworld? King Minos
36%
Without godly Intervention and untimely deaths who would've been the child of the Prophecy? Bianca Di Angelo
30%
Which Kane sibling does Percy meet first? Carter Kane
30%
What is Paul's occupation? English teacher
30%
Who did Clarisse find when scouting the Labyrinth? Chris Rodriguez
29%
What is Thalia and Jason's mom's name? Beryl Grace
27%
Who is the Aphrodite cabin head counselor after Silena dies? Drew Tanaka
26%
Who did Chiron send to scout the labyrinth during the Titan's Curse? Clarisse La Rue
23%
Where was the first entrance to the Labyrinth discovered in Camp Halfblood? Zeus' Fist
23%
Where does Percy originally ship Medusa's head? Mt. Olympus
12%
Why does Minos teach Nico how to use his powers? To kill Daedalus, Revenge
10%
That poison was apart of a goddess' domain. What is her name? Achlys
9%
Name one of Percy's female godly siblings. Kymopoleia, Rhodos, Herophile, Aethusa, Charybdis, Benthesikyme, etc.
7%
Who are the Judges of the Underworld? Thomas Jefferson
6%
Who are the Judges of the Underworld? William Shakespeare
5%
What symbol marked an entrance to the Labyrinth? It is also Daedalus' symbol. Delta Δ
1%
Which book would Percy have first encountered Reyna and Hylla? Sea of Monters
1%
No matching quizzes found
Score Distribution
Percent of People with Each Score
Percentile by Number Answered
Your Score History
You have not taken this quiz